Asomar prasongare uttar-pub bharator rajniti (Record no. 4682)

MARC details
000 -LEADER
fixed length control field 00614cam a2200217ua 4500
008 - FIXED-LENGTH DATA ELEMENTS--GENERAL INFORMATION
fixed length control field 131023n ii |||gr||||Z||||||asm
020 ## - INTERNATIONAL STANDARD BOOK NUMBER
International Standard Book Number 978-93-81784-39-6
040 ## - CATALOGING SOURCE
Transcribing agency MAIN
082 ## - DEWEY DECIMAL CLASSIFICATION NUMBER
Classification number 320.95416
245 ## - TITLE STATEMENT
Title Asomar prasongare uttar-pub bharator rajniti
Statement of responsibility, etc. by Nabin Gohain
250 ## - EDITION STATEMENT
Edition statement 1st.
260 ## - PUBLICATION, DISTRIBUTION, ETC.
Place of publication, distribution, etc. Jorhat:
Name of publisher, distributor, etc. Bidya bhawan.,
Date of publication, distribution, etc. 2013.
700 ## - ADDED ENTRY--PERSONAL NAME
Personal name Gohain,Nabin.,
Relator term
700 ## - ADDED ENTRY--PERSONAL NAME
Personal name Gogoi Trailukya,
Relator term
700 ## - ADDED ENTRY--PERSONAL NAME
Personal name Hazarika,Kundan,
Relator term
700 ## - ADDED ENTRY--PERSONAL NAME
Personal name Nath Vrigu mani,
Relator term
942 ## - ADDED ENTRY ELEMENTS (KOHA)
Koha item type Books
653 ## - INDEX TERM--UNCONTROLLED
Uncontrolled term Political science
653 ## - INDEX TERM--UNCONTROLLED
Uncontrolled term Uttar pub bharatar rajniti
Holdings
Withdrawn status Lost status Damaged status Not for loan Home library Current library Shelving location Date acquired Total Checkouts Full call number Barcode Date last seen Copy number Price effective from Koha item type Date last checked out
        Central Library, Naharkatiya College Central Library, Naharkatiya College General Stacks 19/09/2020   320.95416 | ASO 21409 19/09/2020 3 19/09/2020 Books  
        Central Library, Naharkatiya College Central Library, Naharkatiya College General Stacks 19/09/2020 6 320.95416 | ASO 21410 21/06/2023 1 19/09/2020 Books 19/06/2023
        Central Library, Naharkatiya College Central Library, Naharkatiya College General Stacks 19/09/2020 4 320.95416 | ASO 21411 01/08/2023 4 19/09/2020 Books 01/08/2023
        Central Library, Naharkatiya College Central Library, Naharkatiya College General Stacks 19/09/2020 13 320.95416 | ASO 21412 26/11/2024 2 19/09/2020 Books 21/10/2024
        Central Library, Naharkatiya College Central Library, Naharkatiya College General Stacks 19/09/2020 13 320.95416 | ASO 21413 09/11/2023 5 19/09/2020 Books 16/10/2023
        Central Library, Naharkatiya College Central Library, Naharkatiya College General Stacks 19/09/2020 10 320.95416 | ASO 21974 09/09/2024 6 19/09/2020 Books 29/08/2024

Naharkatiya College © 2020. All rights reserved.

Powered By